000 00704nam a22002297a 4500
003 UA-OsUOA
001 47145
007 ta
008 20120601b un ||||| |||| 00| 0 ukr d
090 _a94(477).06
_bП49
942 _cBK
040 _aUA-OsUOA
_bukr
_cUA-OsUOA
_dUA-OsUOA
245 _aПолеві духовники Української Галицької Армії.
300 _a325 с.
955 _a1
041 _aukr
080 _a94(477).06
260 _aВінніпег
_c1963
650 7 _a9 Географія. Біографії. Історія
_2UDC
999 _c427252
_d427252